00439 2200169 4500001002100000005001500021008004100036035001900077041000700096082000800103090001400111100001700125245005000142260003400192300002700226650001600253INLIS00000000000062520241224112213241224||||||||| | ||| |||| || |  0010-1224000625 aid0 a301 a301 MIL d0 aTim Penerbit00aSeri Mengenal dan Memahami Darwin Dan Evolusi aBatambScientific Pressc2004 a176 hlm; ilus; 20,5 cm 0aIlmu Sosial